| 000 | 00468nam a2200169 a 4500 | ||
|---|---|---|---|
| 001 | 6712 | ||
| 005 | 20180713190603.0 | ||
| 008 | 140415s1992 000 0 spa d | ||
| 041 | _aspa | ||
| 082 |
_a338.9 _bRHO |
||
| 100 | 1 | _aRHOADS, STEVEN E. | |
| 245 | 1 | 0 |
_aVISION ECONOMICA DEL MUNDO : _bGOBIERNO, MERCADOS Y POLITICA PUBLICA |
| 260 |
_a[s.l.] : _bTRILLAS, _c1992 |
||
| 300 | _a363 | ||
| 650 | 1 | 4 | _aECONOMIA |
| 700 | 1 |
_aMENDOZA SIERRA, JORGE _etr. |
|
| 999 |
_c6712 _d6712 |
||